000 00639nam a2200229Ia 4500
003 GCL
008 140319s9999 xx 000 0 eng d
020 _a5852500771
040 _aGCL /
_cGCL
082 0 4 _a914.7
_bB M
100 1 _aBEREZIN, F.M
245 1 0 _aMOSCOW METRO :
_bPHOTOGUIDE /
_cBEREZIN, F.M
700 1 _aARTHUR, GABRIEL JULIAN
260 _a[S.N] :
_bPLANETA ،
_c1989
300 _a222 P
_bILL. ؛
_c11 cm.
650 0 4 _aMOSCOW
650 0 4 _aRUSSIA - DESCRIPTION AND TRAVEL
650 0 4 _aMOSCOW - DESCRIPTION AND TRAVEL
650 0 4 _aRAILROADS - MOSCOW
650 0 4 _aRAILROADS STATIONS - MOSCOW
942 _2ddc
_cBK
999 _c4778
_d4778